000 00547nam a22001937a 4500
003 OSt
005 20140310181711.0
008 121208t xxu||||| |||| 00| 0 eng d
020 _a9711210940
050 _aP Z9
_b.V718 1981
082 _aFIL 920
_bV712 1981
245 _aMga hiyas ng kalayaan :
_bang kababaihan sa himagsikan /
_cRene O. Villanueva.
260 _aQuezon City
_bChildren's Communication Center
_c1981
300 _a28 p. :
_bill. col. ;
_c23 cm.
521 _a
541 _j1
562 _e1
942 _2lcc
_cBK-FIL
_kFIL
999 _c1557
_d1557